1844 1750 1664 1198 1921 1656 1581 1363 1672 1580 1450 1011 1142 1953 1465 1131 1538 1023 1389 1656 1978 1961 1253 1591 1735 1606 1272 1822 1960 1140 1346 1733 1152 1085 1978 1852 1052 1513 1136 1230 1274 1056 1455 1961 1653 1839 1373 1883 1326 1067 1709 1258 1732 1067 1875 1740 1135 1696 1675 1004 1758 1326 1414 1656 1177 1043 1643 1649 1073 1242 1014 1097 1779 1740 1451 1781 1588 1340 1316 1742 1720 1380 1086 1737 1745 1108 1962 1909 2000 1193 1394 1659 1079 1983 1995 1889 1509 1076 1296 BCNSPRNW ULIB Ver.6.0+V

เปลี่ยนเป็นภาษาไทย

Change to English
 แสดงรายละเอียดบรรณานุกรม
  กลับหน้าหลัก

Brief Record : Get Marc (ISO 2709) : E-mail record : QR code < ปิดหน้าต่าง
LEADER : 00000nam 2200000uu 4500
001    13399111986
003     ULIB
008    110714s2552||||th 000 0 tha d
020    6167155029
090    นว.^bว483พ535ฝ 2552
100 0  วาริส
245 00 พิศวาสลวง/^cวาริส
250    พิมพ์ครั้งที่ 1
260    กรุงเทพฯ :^bเพื่อนกันพับลิชชิ่ง,^c2552
300    343 หน้า
945    ^p250^l0^i026779
995     เกษร
999    ^aใช้งานได้ทุกระบบ
รายการนี้ยังไม่มีแท็ก
คุณยังไม่ได้ล็อกอิน คุณสามารถมีกิจกรรมร่วมกับเว็บไซต์ได้ แต่ต้องล็อกอินก่อน ::
  ล็อกอิน

รายการสื่อสารสนเทศ

ลำดับที่ ประเภท เลขเรียก/บาร์โค้ด สถานที่ สถานะ
1. วิทยาศาสตร์การแพทย์ และสุขภาพ
วิทยาศาสตร์การแพทย์ และสุขภาพ
นว. ว483พ535ฝ 2552  
  Barcode: 026779
ห้องสมุดวิทยาเขตสวรรค์ประชารักษ์
►นวนิยาย
บนชั้น
  ขอยืม

BibComment


ยังไม่เคยถูกคอมเมนท์

คอมเมนท์ทรัพยากรรายการนี้
  คอมเมนท์: พิศวาสลวง วาริส


 Copyright 2026. Bcnsprnw @Library